000 00446nam a22001937a 4500
003 MPLRDC
005 20220104143705.0
008 210129b ||||| |||| 00| 0 eng d
020 _a962-264-243-8
082 _a859.6 Anb
100 _a阿浓 著
245 _a童眼看世界
_c
250 _a三版
260 _a
_b突破出版社
_c2000
300 _b
490 _a阅读之味
650 _a儿童阅读
942 _cBK
_o859.6 Anb
999 _c42388
_d42378